| 000 | 00597nam a2200193Ia 4500 | ||
|---|---|---|---|
| 003 | GCL | ||
| 008 | 140319s9999 xx 000 0 ara d | ||
| 040 |
_aGCL / _cGCL |
||
| 082 | 0 | 4 |
_a370.15 _bم ر |
| 100 | 1 | _aمحمود الخضرى (تحقيق) | |
| 245 | 1 | 0 |
_aرحلة فى مراحل التعليم / _cمحمود الخضرى (تحقيق) |
| 260 |
_a[S.N] : _bالهيئة المصرية العامة للكتاب ، _c1994 |
||
| 300 | _a242 ص | ||
| 490 | _a | ||
| 650 | 0 | 4 | _aالتعليم |
| 650 | 0 | 4 | _aالتربية |
| 650 | 0 | 4 | _aعلم النفس التربوى |
| 942 |
_2ddc _cBK |
||
| 999 |
_c33187 _d33187 |
||